MARC details
| 000 -LEADER |
| fixed length control field |
00876nam a2200217 4500 |
| 001 - CONTROL NUMBER |
| control field |
2324 |
| 005 - DATE AND TIME OF LATEST TRANSACTION |
| control field |
20181127164937.0 |
| 010 00 - LIBRARY OF CONGRESS CONTROL NUMBER |
| LC control number |
|
| 090 00 - LOCALLY ASSIGNED LC-TYPE CALL NUMBER (OCLC); LOCAL CALL NUMBER (RLIN) |
| Classification number (OCLC) (R) ; Classification number, CALL (RLIN) (NR) |
808.2 K491t 1974 |
| 100 00 - MAIN ENTRY--PERSONAL NAME |
| Personal name |
Kim, Tai Yul. |
| 245 00 - TITLE STATEMENT |
| Title |
Three aesthetics of the mask: |
| Remainder of title |
Nietzsche,Yeats and Pirandello / |
| Statement of responsibility, etc. |
Tai Yul Kim. |
| Medium |
|
| 260 00 - PUBLICATION, DISTRIBUTION, ETC. |
| Place of publication, distribution, etc. |
Ann Arbor, MI : |
| Name of publisher, distributor, etc. |
University Microfilms, |
| Date of publication, distribution, etc. |
1974. |
| 300 00 - PHYSICAL DESCRIPTION |
| Extent |
150 l. |
| 500 00 - GENERAL NOTE |
| General note |
|
| 502 ## - DISSERTATION NOTE |
| Dissertation note |
Thesis |
| Degree type |
(Ph.D.) |
| Name of granting institution |
Indiana University |
| Year degree granted |
1973. |
| Miscellaneous information |
|
| 600 ## - SUBJECT ADDED ENTRY--PERSONAL NAME |
| Personal name |
Nietzsche, Friedrich Wilhelm, 1844-1900--Criticism and interpretation. |
| Numeration |
|
| Titles and other words associated with a name |
|
| Dates associated with a name |
|
| Relator term |
|
| Date of a work |
|
| Form subheading |
|
| Language of a work |
|
| Medium of performance for music |
|
| Number of part/section of a work |
|
| Arranged statement for music |
|
| Name of part/section of a work |
|
| Fuller form of name |
|
| Key for music |
|
| Version |
|
| Title of a work |
|
| Form subdivision |
|
| General subdivision |
|
| Chronological subdivision |
|
| Geographic subdivision |
|
| Source of heading or term |
|
|
| Personal name |
Pirandello, Luigi, 1867-1936--Criticism and interpretation. |
| Numeration |
|
| Titles and other words associated with a name |
|
| Dates associated with a name |
|
| Relator term |
|
| Date of a work |
|
| Form subheading |
|
| Language of a work |
|
| Medium of performance for music |
|
| Number of part/section of a work |
|
| Arranged statement for music |
|
| Name of part/section of a work |
|
| Fuller form of name |
|
| Key for music |
|
| Version |
|
| Title of a work |
|
| Form subdivision |
|
| General subdivision |
|
| Chronological subdivision |
|
| Geographic subdivision |
|
| Source of heading or term |
|
|
| Personal name |
Yeats, W. B. (William Butler), 1865-1939--Criticism and interpretation. |
| Numeration |
|
| Titles and other words associated with a name |
|
| Dates associated with a name |
|
| Relator term |
|
| Date of a work |
|
| Form subheading |
|
| Language of a work |
|
| Medium of performance for music |
|
| Number of part/section of a work |
|
| Arranged statement for music |
|
| Name of part/section of a work |
|
| Fuller form of name |
|
| Key for music |
|
| Version |
|
| Title of a work |
|
| Form subdivision |
|
| General subdivision |
|
| Chronological subdivision |
|
| Geographic subdivision |
|
| Source of heading or term |
|
| 650 00 - SUBJECT ADDED ENTRY--TOPICAL TERM |
| Topical term or geographic name entry element |
Masks. |
| General subdivision |
|
|
| Topical term or geographic name entry element |
Theater--History. |
| General subdivision |
|